| 000 | 00384nam a22001457a 4500 | ||
|---|---|---|---|
| 003 | NUST - PNEC | ||
| 005 | 20170116181100.0 | ||
| 008 | 151002b xxu||||| |||| 00| 0 eng d | ||
| 040 | _cLIBRARY | ||
| 082 | _a897 SAL | ||
| 100 |
_912375 _aSalami, Abdul salam |
||
| 245 |
_aZindagi kay rastay _cSalami, Abdul salam |
||
| 650 |
_912374 _aUrdu literature _xGeneral books |
||
| 942 |
_2ddc _cBK |
||
| 999 |
_c68752 _d68752 |
||